000 004330000a22001690004500
003 MACL
005 20151217163459.0
008 151217b xxu||||| |||| 00| 0 eng d
040 _aMACL
_cMACL
041 _aEnglish
082 _a030/HAS
100 _aHastings, James
_920942
245 _aEncyclopaedia of Religion and Ethics
_bVol IX
260 _bT & T Clark
_c1953
650 _aEncyclopaedia
_920952
942 _cBK
_k030/HAS
_2ddc
999 _c40558
_d40558